Compton Rappers and Rap Groups - Statistics

General Stats
  • This quiz has been taken 23 times
  • The average score is 9 of 14
Answer Stats
Album Beef? Rapper % Correct
The Chronic Eazy-E, Ice Cube, Uncle Luke, Tupac Dr. Dre
100%
Eazy-Duz-It Dr. Dre, Snoop Dogg, Suge Knight, Ice Cube Eazy-E
95%
Doggystyle Eazy-E, Dr. Dre, Eminem, Uncle Luke Snoop Dogg
95%
AmeriKKKaz Most Wanted NWA, Common Ice Cube
90%
Straight Outta Compton Ice Cube NWA
90%
GNX Drake, J. Cole, Big Sean Kendrick Lamar
85%
All Eyez On Me Biggie, Diddy Tupac
85%
Gangsta's Paradise Weird Al Yankovic Coolio
80%
The Documentary Eminem, Meek Mill, Ja Rule, Joe Budden, Beanie Siegel, Jay-Z The Game
50%
Please Excuse Me For Being Antisocial Lil Uzi Vert Roddy Ricch
45%
Kiss My Black Azz Ice Cube MC Ren
20%
Big Fish Theory Eminem Vince Staples
20%
It's A Compton Thang DJ Quik Compton's Most Wanted
10%
100 Miles and Runnin' Ice Cube DJ Yella
10%
No matching quizzes found
Score Distribution
Percent of People with Each Score
Percentile by Number Answered
Your Score History
You have not taken this quiz